000 00450nam a2200193Ia 4500
005 20250603145621.0
008 250603s9999 xx 000 0 und d
020 _a9788120727632
050 _aJF 1351 .B37/
100 _aRumki, Basu
245 0 _aPublic administration: concepts and theories
250 _a5th ed.
260 _aNew Delhi
260 _bSterlings
260 _c2012
300 _a507 p
650 _aNew Delhi
942 _cBK
999 _c42359
_d42359